[Event "M.Botvinnik Memorial 2012"]
[Site "St. Petersburg, Russia"]
[Date "2012.08.30"]
[Round "6.60"]
[White "Molchanova, Tatjana"]
[Black "Aminov, Andrey"]
[Result "1-0"]
[WhiteElo "2318"]
[BlackElo "2142"]
[PlyCount "51"]
[EventDate "2012.08.25"]

1. g3 g6 2. Bg2 Bg7 3. d4 d6 4. e4 c5 5. c3 cxd4 6. cxd4 Qb6 7. Ne2 Nc6 8. d5
Nd4 9. Nbc3 Bg4 10. h3 Nxe2 11. Nxe2 Bxe2 12. Qxe2 Qb4+ 13. Qd2 Qxd2+ 14. Bxd2
Nf6 15. Rc1 Nd7 16. Rc2 a5 17. Ke2 Nc5 18. f4 O-O 19. Be3 Rfb8 20. b3 b5 21.
Bxc5 dxc5 22. Rxc5 b4 23. e5 f6 24. d6 Ra7 25. Rc7 Ra6 26. d7 1-0

[Event "M.Botvinnik Memorial 2012"]
[Site "St. Petersburg, Russia"]
[Date "2012.08.30"]
[Round "6.61"]
[White "Duzhakov, Ilya"]
[Black "Shulakova, Svetlana"]
[Result "1-0"]
[WhiteElo "2313"]
[BlackElo "2123"]
[PlyCount "63"]
[EventDate "2012.08.25"]

1. e4 c5 2. Nf3 d6 3. d4 cxd4 4. Nxd4 Nf6 5. Nc3 a6 6. h3 e5 7. Nde2 Be7 8. g4
h6 9. Be3 Be6 10. Bg2 Nbd7 11. Ng3 Nb6 12. a4 Nc4 13. Bc1 Rc8 14. O-O O-O 15.
b3 Nb6 16. Nce2 d5 17. a5 Na8 18. Bb2 dxe4 19. c4 Qc7 20. Nxe4 Nxe4 21. Bxe4
Rcd8 22. Qc2 Bg5 23. Bc3 Qc8 24. Ng3 Bf4 25. Qe2 g6 26. Qf3 Rd7 27. Ne2 f5 28.
Nxf4 fxe4 29. Qxe4 Rxf4 30. Qxe5 g5 31. Qh8+ Kf7 32. Qxc8 1-0

[Event "M.Botvinnik Memorial 2012"]
[Site "St. Petersburg, Russia"]
[Date "2012.08.30"]
[Round "6.62"]
[White "Kuzmin, Egor"]
[Black "Bazeev, German"]
[Result "0-1"]
[WhiteElo "2134"]
[BlackElo "2308"]
[PlyCount "64"]
[EventDate "2012.08.25"]

1. e4 c5 2. Nf3 Nc6 3. d4 cxd4 4. Nxd4 Nf6 5. Nc3 d6 6. Be2 e5 7. Nb3 Be7 8.
O-O O-O 9. f4 a5 10. a4 Nb4 11. Kh1 d5 12. fxe5 Nxe4 13. Nxe4 dxe4 14. Nd4 Bc5
15. c3 Bxd4 16. cxd4 Be6 17. Be3 Rc8 18. Rc1 Rxc1 19. Qxc1 Qd5 20. Qd2 Rc8 21.
Rc1 Rxc1+ 22. Qxc1 Qb3 23. Bd1 Qd3 24. Bg1 Qf1 25. Qd2 Nd3 26. h3 e3 27. Qxa5
h6 28. Bc2 Bf5 29. e6 fxe6 30. Bxd3 Bxd3 31. Qc3 Be4 32. Qc8+ Kh7 0-1

[Event "M.Botvinnik Memorial 2012"]
[Site "St. Petersburg, Russia"]
[Date "2012.08.30"]
[Round "6.63"]
[White "Myshkin, Nikita"]
[Black "Rassokhina, Ekaterina"]
[Result "1-0"]
[WhiteElo "2299"]
[BlackElo "2062"]
[PlyCount "93"]
[EventDate "2012.08.25"]

1. Nf3 d5 2. c4 e6 3. g3 b6 4. Bg2 Bb7 5. O-O Nf6 6. d4 Nbd7 7. Qa4 dxc4 8. Rd1
a6 9. Qxc4 Rc8 10. Ng5 b5 11. Qd3 Bxg2 12. Kxg2 c5 13. dxc5 Bxc5 14. Nc3 O-O
15. a4 Qb6 16. axb5 Ne5 17. Qb1 axb5 18. Nce4 Qb7 19. Kg1 Nxe4 20. Qxe4 Qxe4
21. Nxe4 Bb6 22. Ra6 Rfd8 23. Rxd8+ Bxd8 24. Bf4 Nc4 25. b3 e5 26. bxc4 exf4
27. Nd6 Rb8 28. Nxb5 fxg3 29. hxg3 Kf8 30. Kg2 Bb6 31. Nc3 Ke8 32. Nd5 Bd4 33.
e3 Bc5 34. Kf3 Kd7 35. Ra5 Kd6 36. Nc3 Kc6 37. Ne4 Bb4 38. Ra7 f5 39. Ng5 h6
40. Ne6 g5 41. Nd4+ Kc5 42. Rc7+ Kb6 43. Rc6+ Kb7 44. Rxh6 Rc8 45. Nxf5 Rxc4
46. Nd6+ Bxd6 47. Rxd6 1-0

[Event "M.Botvinnik Memorial 2012"]
[Site "St. Petersburg, Russia"]
[Date "2012.08.30"]
[Round "6.64"]
[White "Lamorelle, Julien"]
[Black "Trapeznikova, Darya"]
[Result "1-0"]
[WhiteElo "2290"]
[BlackElo "2050"]
[PlyCount "47"]
[EventDate "2012.08.25"]

1. e4 e6 2. d4 d5 3. Nc3 Bb4 4. e5 Ne7 5. Bd2 b6 6. Bb5+ c6 7. Ba4 Bd7 8. Nce2
Bxd2+ 9. Qxd2 c5 10. Bxd7+ Qxd7 11. c3 Nbc6 12. f4 h5 13. Nf3 Nf5 14. Kf2 c4
15. g3 b5 16. h3 Ke7 17. g4 hxg4 18. hxg4 Rxh1 19. Rxh1 Nh6 20. f5 exf5 21.
Qg5+ Kf8 22. gxf5 Ng8 23. f6 gxf6 24. exf6 1-0

[Event "M.Botvinnik Memorial 2012"]
[Site "St. Petersburg, Russia"]
[Date "2012.08.30"]
[Round "6.66"]
[White "Solovyov, Viktor"]
[Black "Yakupova, Aysyla"]
[Result "1-0"]
[WhiteElo "2278"]
[BlackElo "2116"]
[PlyCount "149"]
[EventDate "2012.08.25"]

1. Nf3 d5 2. d4 e6 3. c4 c6 4. Qc2 Nf6 5. g3 Bd6 6. Nbd2 O-O 7. Bg2 Nbd7 8. O-O
Re8 9. b3 e5 10. cxd5 cxd5 11. dxe5 Nxe5 12. Bb2 Bg4 13. Bxe5 Bxe5 14. Nxe5
Rxe5 15. Nf3 Re7 16. Nd4 Qb6 17. Qb2 Rc8 18. Rac1 Rec7 19. e3 Rc5 20. Qa3 a6
21. Rxc5 Qxc5 22. Qxc5 Rxc5 23. f3 Be6 24. Kf2 Kf8 25. Ke2 Ke7 26. Kd2 Kd6 27.
Rb1 Nd7 28. Bf1 Rc8 29. Bd3 g6 30. g4 Ne5 31. h4 Ke7 32. Rh1 Nd7 33. Be2 Nf6
34. Bd3 Ne8 35. Ne2 Nd6 36. Nf4 Ne8 37. Rd1 Nf6 38. Bb1 Nd7 39. Ke2 Nb6 40. Bd3
Rc3 41. Kd2 Rc8 42. Be2 Bd7 43. Bd3 Be6 44. Ne2 Rc7 45. Rh1 Rc8 46. h5 Nd7 47.
Nd4 Nf6 48. b4 Nd7 49. Bc2 Ne5 50. hxg6 hxg6 51. Bb3 Nc6 52. Nxc6+ Rxc6 53. Rh8
Kd6 54. g5 Ke7 55. Rb8 Rc7 56. Kd3 Kd6 57. Kd4 Kc6 58. a4 Kd6 59. f4 Rd7 60.
Rc8 Re7 61. Rc3 b6 62. b5 axb5 63. axb5 Bd7 64. Bxd5 Bxb5 65. Rb3 Bd7 66. Rxb6+
Kc7 67. Rb7+ Kd8 68. Rb8+ Kc7 69. Ra8 Bc8 70. e4 Kd7 71. Kc5 Kc7 72. Ra1 Kd7
73. Rh1 Ke8 74. Rh8+ Kd7 75. Rf8 1-0

[Event "M.Botvinnik Memorial 2012"]
[Site "St. Petersburg, Russia"]
[Date "2012.08.30"]
[Round "6.66"]
[White "Saveliev, Alexei"]
[Black "Chetverik, Maxim"]
[Result "1-0"]
[WhiteElo "2081"]
[BlackElo "2272"]
[PlyCount "77"]
[EventDate "2012.08.25"]

1. e4 Nf6 2. e5 Nd5 3. d4 d6 4. Nf3 g6 5. Bc4 Nb6 6. Bb3 Bg7 7. Ng5 d5 8. f4 a5
9. a4 f6 10. Nf3 c6 11. O-O O-O 12. c3 Bf5 13. Nbd2 Na6 14. Qe2 Nc7 15. h3 Ne6
16. Nh4 fxe5 17. fxe5 Ng5 18. Nxf5 Rxf5 19. Rxf5 gxf5 20. h4 Nf7 21. Nf3 e6 22.
Bc2 Nd7 23. g4 fxg4 24. Ng5 Nxg5 25. hxg5 Nf8 26. Qxg4 Qb6 27. b3 c5 28. Be3 c4
29. Rf1 cxb3 30. Bd3 b2 31. Qh5 Ng6 32. Kg2 Rf8 33. Rh1 Rf5 34. Qxh7+ Kf7 35.
Qh3 Ne7 36. g6+ Nxg6 37. Bxf5 exf5 38. Qxf5+ Ke8 39. e6 1-0

[Event "M.Botvinnik Memorial 2012"]
[Site "St. Petersburg, Russia"]
[Date "2012.08.30"]
[Round "6.67"]
[White "Sazonova, Anastasia"]
[Black "Toivonen, Alexander V"]
[Result "0-1"]
[WhiteElo "2002"]
[BlackElo "2250"]
[PlyCount "48"]
[EventDate "2012.08.25"]

1. e4 e5 2. Nf3 Nf6 3. Nxe5 d6 4. Nf3 Nxe4 5. Nc3 Nxc3 6. dxc3 Be7 7. Bf4 Be6
8. Qd2 Nd7 9. O-O-O Bxa2 10. b3 a5 11. Bb5 O-O 12. Kb2 a4 13. Ra1 axb3 14. cxb3
c6 15. Bxd6 cxb5 16. Bxe7 Qxe7 17. Rxa2 Rxa2+ 18. Kxa2 Ra8+ 19. Kb1 Nc5 20. Nd4
Ne4 21. Qb2 b4 22. Nb5 Qd7 23. c4 Qd3+ 24. Kc1 Nc3 0-1

[Event "M.Botvinnik Memorial 2012"]
[Site "St. Petersburg, Russia"]
[Date "2012.08.30"]
[Round "6.68"]
[White "Papadakis, Michalis"]
[Black "Bogachkova, Alena"]
[Result "1-0"]
[WhiteElo "2235"]
[BlackElo "2086"]
[PlyCount "135"]
[EventDate "2012.08.25"]

1. d4 d5 2. c4 c6 3. Nc3 Nf6 4. e3 e6 5. Nf3 Nbd7 6. Bd3 dxc4 7. Bxc4 b5 8. Be2
Bb7 9. O-O Be7 10. e4 b4 11. e5 bxc3 12. exf6 Bxf6 13. bxc3 c5 14. Rb1 Bd5 15.
Qc2 Rc8 16. dxc5 O-O 17. c4 Ba8 18. Rd1 Qc7 19. Ng5 g6 20. Ne4 Bxe4 21. Qxe4
Nxc5 22. Qf3 Be5 23. h4 Rfd8 24. Bg5 Rxd1+ 25. Rxd1 Qc6 26. Rd8+ Kg7 27. Qe3 f6
28. Rd1 Bb8 29. Bh6+ Kf7 30. g3 Bc7 31. Bf3 Qb6 32. Kg2 Rd8 33. Rxd8 Bxd8 34.
Qd2 Be7 35. Bf4 Qa6 36. Qc2 Qa4 37. Qe2 Nd7 38. Be3 Bc5 39. Bxc5 Nxc5 40. h5
Qa3 41. Qd2 Qd3 42. Qa5 Qxc4 43. Qxa7+ Kf8 44. Qc7 gxh5 45. Bxh5 Qd5+ 46. Bf3
Qd4 47. Qxh7 Nd3 48. Qh6+ Ke7 49. Qe3 Qc3 50. Be4 Ne1+ 51. Kf1 Qa1 52. Qxe1
Qxa2 53. Kg2 Qc4 54. Bf3 f5 55. Qe5 Qb3 56. Qd4 Qa2 57. Bc6 Qc2 58. Ba4 Qa2 59.
Qb4+ Kf6 60. Qc3+ Ke7 61. Bb3 Qa6 62. Qe3 Qc6+ 63. Kh2 Kf6 64. Qh6+ Ke7 65.
Qg7+ Kd6 66. Qf8+ Kd7 67. Qf7+ Kd6 68. Qxe6+ 1-0

[Event "M.Botvinnik Memorial 2012"]
[Site "St. Petersburg, Russia"]
[Date "2012.08.30"]
[Round "6.69"]
[White "Zarivkina, Victorya"]
[Black "Kharmunova, Nadezhda"]
[Result "0-1"]
[WhiteElo "2072"]
[BlackElo "2219"]
[PlyCount "160"]
[EventDate "2012.08.25"]

1. e4 c6 2. d4 d5 3. Nd2 dxe4 4. Nxe4 Bf5 5. Ng3 Bg6 6. Nf3 Nd7 7. Bd3 Ngf6 8.
h4 Bxd3 9. Qxd3 Qc7 10. Bd2 e6 11. O-O-O Bd6 12. Ne4 Bf4 13. Nxf6+ Nxf6 14. g3
Bxd2+ 15. Rxd2 O-O-O 16. Qe2 Rd5 17. Rhd1 Rhd8 18. Ng5 h6 19. Ne4 Nxe4 20. Qxe4
Qa5 21. Kb1 Qb4 22. b3 Qa3 23. c4 R5d7 24. Qg4 Qf8 25. Qf4 Qe7 26. Qe3 Qa3 27.
Qe5 g6 28. h5 gxh5 29. Qxh5 Qf8 30. Qa5 Kb8 31. Qe5+ Ka8 32. Kb2 Qb4 33. Qe3
Qf8 34. Qe5 Qe7 35. a3 a6 36. b4 Qg5 37. Kc3 Qg4 38. Qe3 h5 39. Qe2 Qh3 40. Qf3
Qg4 41. Qe2 Qf5 42. Qd3 Qf6 43. Qe4 Qg5 44. Qe5 Qg4 45. Qe2 Rh8 46. Qxg4 hxg4
47. Re1 Kb8 48. Re4 Rg8 49. Rd1 Kc7 50. Rh1 Rg6 51. Re5 Rf6 52. Rh2 Rf3+ 53.
Re3 Rf5 54. Re5 Rf6 55. Re4 Rg6 56. Rh4 Rf6 57. Rh2 Kd8 58. Re3 Ke7 59. Kd3 Rf5
60. Kc3 Rd8 61. Re4 Rg8 62. Kd3 b5 63. c5 a5 64. bxa5 Ra8 65. Rxg4 Rxa5 66. f4
Rxa3+ 67. Ke4 Rd5 68. Rg7 Kf8 69. Rxf7+ Kxf7 70. Rh7+ Kg6 71. Re7 Kf6 72. Rc7
Ra4 73. Rxc6 Rdxd4+ 74. Kf3 Kf5 75. g4+ Kf6 76. f5 Rf4+ 77. Ke3 Rae4+ 78. Kd3
Rxg4 79. fxe6 Rxe6 80. Rc8 Rc4 0-1

[Event "M.Botvinnik Memorial 2012"]
[Site "St. Petersburg, Russia"]
[Date "2012.08.30"]
[Round "6.70"]
[White "Rjanova, Valery"]
[Black "Svidinsky, Dmitry"]
[Result "1/2-1/2"]
[WhiteElo "2208"]
[BlackElo "2064"]
[PlyCount "99"]
[EventDate "2012.08.25"]

1. e4 e5 2. Nc3 Nf6 3. g3 Nc6 4. Bg2 Bc5 5. Nge2 O-O 6. O-O a6 7. d3 d6 8. h3
Nd4 9. Kh2 h6 10. f4 exf4 11. Nxf4 c6 12. b3 Nh7 13. Bb2 Ng5 14. Nce2 Nxe2 15.
Qxe2 Ne6 16. Nh5 Nd4 17. Qd1 Qg5 18. Bc1 Qg6 19. Nf4 Qh7 20. c3 Ne6 21. Nh5 Qg6
22. d4 Bb6 23. Ba3 Rd8 24. Qe2 c5 25. d5 Nf8 26. c4 Nd7 27. Bb2 Ne5 28. Nf4 Qg5
29. Rf2 Bd7 30. Raf1 Rf8 31. Bf3 Qe7 32. Bh5 Ba5 33. Nd3 f6 34. Nf4 Rfc8 35.
Bxe5 dxe5 36. Ne6 Bxe6 37. dxe6 Qxe6 38. Bg4 Qc6 39. Bxc8 Qxc8 40. Rf3 Qc6 41.
Rd3 Rd8 42. Rxd8+ Bxd8 43. Qd3 Be7 44. Rd1 Kf7 45. h4 h5 46. Qf3 g6 47. Qd3 Ke6
48. Qf3 Kf7 49. Rd5 Qe6 50. Kg2 1/2-1/2

[Event "M.Botvinnik Memorial 2012"]
[Site "St. Petersburg, Russia"]
[Date "2012.08.30"]
[Round "6.71"]
[White "Safronov, Kirill"]
[Black "Bulatov, Ramil"]
[Result "0-1"]
[WhiteElo "2034"]
[BlackElo "2205"]
[PlyCount "76"]
[EventDate "2012.08.25"]

1. e4 c5 2. Nf3 d6 3. d4 cxd4 4. Nxd4 Nf6 5. Nc3 a6 6. Bc4 e6 7. Bb3 b5 8. a3
Bb7 9. f3 Nbd7 10. O-O Nc5 11. Ba2 Be7 12. Be3 O-O 13. Qe1 d5 14. e5 Nfd7 15.
b4 Na4 16. Nxa4 bxa4 17. Qg3 Bh4 18. Qh3 Nxe5 19. f4 Nd7 20. c4 dxc4 21. Bxc4
Bd5 22. Bxd5 exd5 23. Nc6 Qe8 24. Rf3 Bf6 25. Re1 Nb6 26. Ne5 Qb5 27. Kh1 Rfd8
28. Bc5 Re8 29. Ref1 Nc4 30. Nxf7 Kxf7 31. Qh5+ Kg8 32. Rh3 h6 33. Qxd5+ Kh8
34. Qf7 Bb2 35. Rg1 Rad8 36. f5 Nd6 37. Qg6 Ne4 38. g4 Qb7 0-1

[Event "M.Botvinnik Memorial 2012"]
[Site "St. Petersburg, Russia"]
[Date "2012.08.30"]
[Round "6.72"]
[White "Shirokov, Alexander"]
[Black "Pimenov, Revolt"]
[Result "1-0"]
[WhiteElo "1972"]
[BlackElo "2186"]
[PlyCount "141"]
[EventDate "2012.08.25"]

1. d4 e6 2. c4 b6 3. Nc3 Bb7 4. a3 Nf6 5. Nf3 d5 6. Bg5 Be7 7. e3 O-O 8. Bd3
dxc4 9. Bxc4 h6 10. Bh4 Ne4 11. Bxe7 Qxe7 12. Bd3 Nxc3 13. bxc3 Nd7 14. O-O e5
15. Bf5 exd4 16. cxd4 Rad8 17. Qc2 c5 18. Rfd1 cxd4 19. Rxd4 Nc5 20. Rad1 Bxf3
21. gxf3 Qf6 22. a4 g6 23. Be4 Rc8 24. Qa2 Kg7 25. Bd5 Rc7 26. Kg2 Qe5 27. f4
Qf6 28. Bf3 h5 29. Rd6 Ne6 30. a5 b5 31. R1d5 b4 32. Bxh5 gxh5 33. Rg5+ Nxg5
34. Rxf6 Kxf6 35. Qb2+ Ke6 36. Qe5+ Kd7 37. Qb5+ Kc8 38. fxg5 Rg8 39. a6 b3 40.
h4 Rd8 41. Qxb3 Rd6 42. Qb5 Kd8 43. Qf5 Rcd7 44. Qf3 Rxa6 45. Qxh5 Ra4 46. Qh8+
Ke7 47. Qe5+ Kf8 48. h5 Rh4 49. h6 Rh5 50. f4 a6 51. Qg7+ Ke8 52. h7 Rd2+ 53.
Kf3 Rdh2 54. Qf6 a5 55. Qe5+ Kf8 56. Qxa5 Rxh7 57. Ke4 R7h3 58. Qc5+ Kg7 59.
Qd4+ Kg8 60. Ke5 Ra2 61. e4 Ra5+ 62. Kf6 Ra6+ 63. Kf5 Rb3 64. Kg4 Rbb6 65. Qd8+
Kg7 66. f5 Rd6 67. Qe8 Rdb6 68. e5 Rb7 69. f6+ Kh7 70. Qf8 Ra4+ 71. Kh5 1-0

[Event "M.Botvinnik Memorial 2012"]
[Site "St. Petersburg, Russia"]
[Date "2012.08.30"]
[Round "6.73"]
[White "Nikitinyh, Boris"]
[Black "Mikhailov, Ivan"]
[Result "1-0"]
[WhiteElo "2185"]
[BlackElo "2026"]
[PlyCount "77"]
[EventDate "2012.08.25"]

1. e4 c5 2. Nf3 Nc6 3. d4 cxd4 4. Nxd4 e6 5. Be2 d6 6. Be3 Nf6 7. Nc3 Be7 8.
O-O O-O 9. f4 a6 10. Bf3 Qc7 11. Na4 Rb8 12. c4 Nxd4 13. Bxd4 b5 14. cxb5 axb5
15. Nc3 b4 16. Ne2 e5 17. Be3 Ng4 18. Bxg4 Bxg4 19. f5 Qc4 20. Rf2 Qxe4 21. Qd2
Bxe2 22. Qxe2 d5 23. Rd1 d4 24. Bxd4 Qxe2 25. Rxe2 Rfd8 26. Rxe5 Bf6 27. Re4
Rb5 28. Rde1 Bxd4+ 29. Rxd4 Rc8 30. Red1 Rbb8 31. R1d3 h6 32. Kf2 Ra8 33. Rxb4
Rxa2 34. Kf3 Rc2 35. Rd8+ Kh7 36. Rbb8 g6 37. f6 g5 38. Rg8 g4+ 39. Rxg4 1-0

[Event "M.Botvinnik Memorial 2012"]
[Site "St. Petersburg, Russia"]
[Date "2012.08.30"]
[Round "6.74"]
[White "Kazantsev, Alexandr"]
[Black "Solovjova, Valentina"]
[Result "1/2-1/2"]
[WhiteElo "1960"]
[BlackElo "2175"]
[PlyCount "117"]
[EventDate "2012.08.25"]

1. Nf3 d5 2. g3 c6 3. Bg2 Nf6 4. d3 Bf5 5. Nbd2 h6 6. c4 e6 7. cxd5 exd5 8. O-O
Be7 9. Re1 O-O 10. Ne5 Nbd7 11. Nxd7 Qxd7 12. e4 dxe4 13. dxe4 Bh3 14. Nb3 Qxd1
15. Rxd1 Bxg2 16. Kxg2 Nxe4 17. Re1 f5 18. f3 Bb4 19. Rd1 Nf6 20. a3 Be7 21.
Na5 Rad8 22. Be3 Nd5 23. Bf2 Rd7 24. Re1 Bf6 25. Re2 Rfd8 26. f4 Nb6 27. Rae1
Kf7 28. Be3 Nd5 29. Bg1 g5 30. fxg5 hxg5 31. Rf1 f4 32. Kf3 Rg8 33. Kg4 Bd8 34.
Nc4 Bc7 35. Ne5+ Bxe5 36. Rxe5 Nf6+ 37. Kf5 fxg3 38. hxg3 Rg6 39. Bxa7 Nh7 40.
Kg4+ Rf6 41. Rfe1 Kg6 42. Be3 Rf8 43. Bxg5 Rd4+ 44. Bf4 Nf6+ 45. Kf3 Rd3+ 46.
Ke2 Rb3 47. Rg5+ Kf7 48. Be5 Ne4 49. Rg4 Nf6 50. Bxf6 Re8+ 51. Kd2 Rxe1 52.
Kxe1 Kxf6 53. Rb4 Rxg3 54. Rxb7 Rg2 55. a4 Ke5 56. a5 Rg1+ 57. Kd2 Ra1 58. b4
Kd4 59. Kc2 1/2-1/2

[Event "M.Botvinnik Memorial 2012"]
[Site "St. Petersburg, Russia"]
[Date "2012.08.30"]
[Round "6.75"]
[White "Chernyak, Viktoria"]
[Black "Ustinov, Alexey"]
[Result "0-1"]
[WhiteElo "1933"]
[BlackElo "2155"]
[PlyCount "36"]
[EventDate "2012.08.25"]

1. e4 d5 2. exd5 Qxd5 3. d4 Nc6 4. Nf3 Bg4 5. Be2 O-O-O 6. c4 Qh5 7. O-O Nf6 8.
Be3 e5 9. d5 e4 10. Nd4 Nxd4 11. Bxg4+ Nxg4 12. h3 Nf3+ 13. gxf3 Nxe3 14. fxe3
Qxh3 15. Nc3 Rd6 16. Nxe4 Rg6+ 17. Kf2 Rg2+ 18. Ke1 Bb4+ 0-1

[Event "M.Botvinnik Memorial 2012"]
[Site "St. Petersburg, Russia"]
[Date "2012.08.30"]
[Round "6.76"]
[White "Kukhmazov, Arsen"]
[Black "Voronenkov, Sergey"]
[Result "1/2-1/2"]
[WhiteElo "2154"]
[BlackElo "2012"]
[PlyCount "81"]
[EventDate "2012.08.25"]

1. d4 Nf6 2. c4 g6 3. g3 d5 4. Bg2 Bg7 5. cxd5 Nxd5 6. Nf3 O-O 7. O-O c5 8. e4
Nf6 9. e5 Nd5 10. Nc3 Nc6 11. Nxd5 Qxd5 12. Be3 Bg4 13. h3 Bxf3 14. Bxf3 Qd7
15. dxc5 Qxd1 16. Raxd1 Bxe5 17. Rd7 Rab8 18. Bxc6 bxc6 19. b3 a5 20. Rxe7 Rfe8
21. Rxe8+ Rxe8 22. Rd1 Bxg3 23. Rd7 Be5 24. Ra7 Bc3 25. Rc7 Re6 26. Kg2 Kg7 27.
Kf3 h5 28. Ra7 Kf6 29. Bf4 g5 30. Bc7 Bb4 31. Bd6 Kg6 32. Ra6 f5 33. Rxc6 g4+
34. Kg2 Bxc5 35. Rxc5 Rxd6 36. Rxa5 Rd2 37. hxg4 fxg4 38. a4 h4 39. Ra6+ Kf5
40. Ra5+ Kf4 41. Ra8 1/2-1/2

[Event "M.Botvinnik Memorial 2012"]
[Site "St. Petersburg, Russia"]
[Date "2012.08.30"]
[Round "6.77"]
[White "Pogosian, Vladimir"]
[Black "Kharchenko, Daniil"]
[Result "0-1"]
[WhiteElo "2150"]
[BlackElo "2006"]
[PlyCount "98"]
[EventDate "2012.08.25"]

1. c4 c6 2. g3 d5 3. Bg2 Nf6 4. Nf3 Bg4 5. Qb3 Bxf3 6. Bxf3 Qd7 7. cxd5 cxd5 8.
Nc3 e6 9. d3 Nc6 10. Bd2 Nd4 11. Qd1 Nxf3+ 12. exf3 Be7 13. O-O O-O 14. f4 b5
15. a4 b4 16. Ne2 a5 17. Nd4 Qb7 18. f5 Qb6 19. Nb5 exf5 20. Qf3 g6 21. Bg5 Qb7
22. Rfe1 Rfe8 23. Rac1 Bd8 24. Red1 Ra6 25. Bf4 Qd7 26. Rc2 Rae6 27. Kg2 Ng4
28. h3 Ne5 29. Bxe5 Rxe5 30. Rdc1 Re1 31. d4 Rxc1 32. Rxc1 Re4 33. Rc2 h5 34.
h4 Bb6 35. Qd3 f4 36. f3 Re3 37. Qd2 Qe7 38. gxf4 Bd8 39. Qf2 Re6 40. f5 gxf5
41. Kh3 f4 42. Kg2 Rg6+ 43. Kf1 Rg3 44. Qe2 Qxh4 45. Qe8+ Kg7 46. Rf2 Qh1+ 47.
Ke2 Qc1 48. Qe5+ Bf6 49. Qf5 Rg1 0-1

[Event "M.Botvinnik Memorial 2012"]
[Site "St. Petersburg, Russia"]
[Date "2012.08.30"]
[Round "6.78"]
[White "Kamnev, Alexander"]
[Black "Schroer, Marcel"]
[Result "0-1"]
[WhiteElo "1890"]
[BlackElo "2143"]
[PlyCount "80"]
[EventDate "2012.08.25"]

1. e4 c6 2. d4 d5 3. e5 Bf5 4. Nf3 e6 5. Be2 Ne7 6. O-O Nd7 7. Nh4 Bg6 8. Nd2
Nf5 9. Nxf5 Bxf5 10. Nf3 Be7 11. Be3 O-O 12. c3 f6 13. h3 fxe5 14. Nxe5 Nxe5
15. dxe5 Qc7 16. f4 c5 17. Bg4 Rad8 18. Bxf5 Rxf5 19. Qb3 b6 20. Rad1 Kh8 21.
Qb5 Rff8 22. Qe2 Qc6 23. Qc2 g6 24. g3 b5 25. Rd2 a5 26. a3 c4 27. Bd4 b4 28.
axb4 axb4 29. b3 Rc8 30. Rc1 bxc3 31. Qxc3 Qb7 32. Rdc2 Ba3 33. b4 Bxc1 34.
Rxc1 Ra8 35. Bc5 Rf7 36. Rf1 Ra2 37. g4 d4 38. Qg3 Qe4 39. Rd1 Rxf4 40. Rxd4
Qb1+ 0-1

[Event "M.Botvinnik Memorial 2012"]
[Site "St. Petersburg, Russia"]
[Date "2012.08.30"]
[Round "6.79"]
[White "Nikiforov, Vyacheslav"]
[Black "Eryshkanova, Anastasiya"]
[Result "0-1"]
[WhiteElo "1880"]
[BlackElo "2142"]
[PlyCount "128"]
[EventDate "2012.08.25"]

1. e4 e5 2. Nf3 Nf6 3. Nxe5 Qe7 4. d4 Nc6 5. Nxc6 Qxe4+ 6. Qe2 Qxe2+ 7. Bxe2
dxc6 8. Bf4 Nd5 9. Bg3 Bf5 10. c3 O-O-O 11. O-O g5 12. Nd2 Bd6 13. Bc4 f6 14.
Bxd6 Rxd6 15. Rfe1 Nb6 16. b3 c5 17. dxc5 Rxd2 18. cxb6 axb6 19. Be6+ Bxe6 20.
Rxe6 Rf8 21. Kf1 Kd7 22. Re2 Rxe2 23. Kxe2 Re8+ 24. Kd2 Ra8 25. Kc2 b5 26. Rd1+
Kc6 27. Ra1 Kc5 28. f3 h5 29. h3 h4 30. a3 Kd5 31. Rd1+ Ke6 32. Re1+ Kf5 33.
Re7 c6 34. Rxb7 Rxa3 35. Kb2 Ra6 36. Re7 Kf4 37. Re6 f5 38. Rg6 Ra8 39. Rxc6
Re8 40. Rc5 Re2+ 41. Ka3 Rxg2 42. Rxb5 Rg3 43. c4 Rxh3 44. c5 Rxf3 45. Rb4+ Ke5
46. Rc4 Rd3 47. c6 Rd8 48. c7 Rc8 49. Rc5+ Ke6 50. b4 h3 51. b5 h2 52. Rc6+ Ke5
53. Rh6 Rxc7 54. Rxh2 Rb7 55. Kb4 g4 56. Kc5 f4 57. Re2+ Kf5 58. Re8 g3 59. Kc6
Rg7 60. b6 g2 61. Rf8+ Ke4 62. Re8+ Kf3 63. Re1 Kf2 64. Re4 f3 0-1

[Event "M.Botvinnik Memorial 2012"]
[Site "St. Petersburg, Russia"]
[Date "2012.08.30"]
[Round "6.80"]
[White "Andronov, Mikhail G"]
[Black "Chuprova, Irina"]
[Result "1-0"]
[WhiteElo "2139"]
[BlackElo "1972"]
[PlyCount "45"]
[EventDate "2012.08.25"]

1. e4 d6 2. d4 g6 3. Nc3 Nf6 4. Bg5 Nbd7 5. f4 Bg7 6. e5 Ng8 7. Nf3 Nb6 8. Bd3
Bg4 9. h3 Bxf3 10. Qxf3 c6 11. O-O f5 12. d5 dxe5 13. fxe5 Nxd5 14. Bxf5 Qb6+
15. Kh1 gxf5 16. Qxf5 Bf6 17. Nxd5 cxd5 18. exf6 Nxf6 19. Bxf6 Qxf6 20. Qxd5
Qc6 21. Qf7+ Kd8 22. Rad1+ Kc8 23. Qxe7 1-0

[Event "M.Botvinnik Memorial 2012"]
[Site "St. Petersburg, Russia"]
[Date "2012.08.30"]
[Round "6.81"]
[White "Zizlova, Sofia"]
[Black "Radkov, Bazhen D"]
[Result "1/2-1/2"]
[WhiteElo "2135"]
[BlackElo "1805"]
[PlyCount "90"]
[EventDate "2012.08.25"]

1. e4 e5 2. Nf3 Nf6 3. Nxe5 d6 4. Nf3 Nxe4 5. Nc3 Nxc3 6. dxc3 Be7 7. Be3 Nc6
8. Qd2 a6 9. O-O-O Be6 10. Kb1 Qd7 11. h4 O-O-O 12. Ng5 Bxg5 13. hxg5 f6 14.
gxf6 gxf6 15. c4 d5 16. cxd5 Bxd5 17. b3 Qg4 18. Qe2 Qxe2 19. Bxe2 Bxg2 20.
Bg4+ Kb8 21. Rxd8+ Nxd8 22. Rh6 Be4 23. Rxf6 h5 24. Bh3 b6 25. Bf4 Kb7 26. b4
h4 27. Kb2 Bd5 28. Bg5 Re8 29. Rf4 Ne6 30. Bxe6 Rxe6 31. Rd4 Kc6 32. c4 Re2+
33. Kb3 Be4 34. Bxh4 Bc2+ 35. Kc3 Bb1 36. a4 Re4 37. b5+ Kb7 38. Rxe4 Bxe4 39.
Bg3 c6 40. bxa6+ Kxa6 41. c5 bxc5 42. Bc7 Kb7 43. Bd8 Ka6 44. Kc4 Bf3 45. Kxc5
Kb7 1/2-1/2

[Event "M.Botvinnik Memorial 2012"]
[Site "St. Petersburg, Russia"]
[Date "2012.08.30"]
[Round "6.82"]
[White "Popov, Alexei"]
[Black "Larin, Maxim"]
[Result "0-1"]
[WhiteElo "1797"]
[BlackElo "2131"]
[PlyCount "74"]
[EventDate "2012.08.25"]

1. e4 c5 2. Nf3 d6 3. c3 Nf6 4. h3 g6 5. Bc4 Bg7 6. d3 O-O 7. Be3 Nc6 8. Nbd2
b6 9. g4 e6 10. Nh2 d5 11. Bb5 Bb7 12. f4 dxe4 13. dxe4 Ne7 14. Qc2 Nfd5 15.
exd5 Nxd5 16. Kf2 Qh4+ 17. Ke2 Qxh3 18. Nhf3 Qg2+ 19. Bf2 Nxf4+ 20. Ke3 Qxg4
21. Rag1 Ng2+ 22. Rxg2 Qxg2 23. Rh2 Qg4 24. Rh4 Qf5 25. Bd3 Qd5 26. Be4 Qd7 27.
Bg3 Bxe4 28. Nxe4 f5 29. Neg5 h6 30. Ne5 Qc8 31. Ngf3 g5 32. Rh2 f4+ 33. Ke2
fxg3 34. Nxg5 Rf5 35. Ng4 gxh2 36. Qe4 Rxg5 37. Qf3 Rxg4 0-1

[Event "M.Botvinnik Memorial 2012"]
[Site "St. Petersburg, Russia"]
[Date "2012.08.30"]
[Round "6.83"]
[White "Gorjunov, Sergey"]
[Black "Shemenko, Georgy"]
[Result "1-0"]
[WhiteElo "2128"]
[BlackElo "1746"]
[PlyCount "69"]
[EventDate "2012.08.25"]

1. c4 Nf6 2. Nc3 g6 3. g3 Bg7 4. Bg2 O-O 5. e3 e6 6. Nge2 d5 7. b3 c5 8. d4
cxd4 9. exd4 Nc6 10. O-O Ne4 11. Nxe4 dxe4 12. Bxe4 Nxd4 13. Nxd4 Bxd4 14. Bh6
Re8 15. Rc1 e5 16. Qf3 Qe7 17. Bd5 e4 18. Qf4 Bf5 19. Bg5 Qd7 20. Rcd1 Be5 21.
Qh4 Qc7 22. Rfe1 Bg7 23. Bxe4 Bxe4 24. Rxe4 Rxe4 25. Qxe4 Qa5 26. Qxb7 Rf8 27.
Be7 Re8 28. Qd7 Rb8 29. c5 Qxa2 30. c6 Be5 31. c7 Bxc7 32. Qxc7 Qxb3 33. Rd8+
Rxd8 34. Qxd8+ Kg7 35. Qf8# 1-0